Maruja Mallo / (Record no. 179097)

MARC details
000 -LEADER
campo de control de longitud fija 02434nam a2200409 4500
001 - NÚMERO DE CONTROL
campo de control 179097
003 - IDENTIFICADOR DE NÚMERO DE CONTROL
campo de control ES-MaACL
005 - FECHA Y HORA DE LA ÚLTIMA TRANSACCIÓN
campo de control 20250804063439.0
008 - DATOS DE LONGITUD FIJA--INFORMACIÓN GENERAL
campo de control de longitud fija 110908s2009 sp acfo |||| |bspa d
017 ## - NÚMERO DE COPYRIGHT O DE DEPÓSITO LEGAL
Número de copyright o de depósito legal M 48997-2009
Agencia que asigna Oficina Depósito Legal Madrid
020 ## - NÚMERO INTERNACIONAL ESTÁNDAR DEL LIBRO
Número Internacional Estándar del Libro 978-84-92827-12-1
080 ## - NÚMERO DE LA CLASIFICACIÓN DECIMAL UNIVERSAL
Número de la Clasificación Decimal Universal 74 Mallo, Maruja (083.824)
080 ## - NÚMERO DE LA CLASIFICACIÓN DECIMAL UNIVERSAL
Número de la Clasificación Decimal Universal 75 Mallo, Maruja (083.824)
100 1# - ENTRADA PRINCIPAL--NOMBRE DE PERSONA
Nombre de persona Mallo, Maruja,
Fechas asociadas al nombre 1902-1995
Término indicativo de función/relación Autor
9 (RLIN) 75816
245 10 - MENCIÓN DEL TÍTULO
Título Maruja Mallo /
Mención de responsabilidad, etc. [edición, Fernando Huici March, Juan Pérez de Ayala]
260 ## - PUBLICACIÓN, DISTRIBUCIÓN, ETC.
Lugar de publicación, distribución, etc. Madrid :
Nombre del editor, distribuidor, etc. Sociedad Estatal de Conmemoraciones Culturales,
Fecha de publicación, distribución, etc. [2009]
300 ## - DESCRIPCIÓN FÍSICA
Extensión 3 volúmenes (263, 1 página plegada ; 138, 3 láminas ; 28 páginas, [1] hoja de lámina) :
Otras características físicas principalmente ilustraciones (blanco y negro y color) ;
Dimensiones 25 x 22 cm +
Material acompañante/anejo 2 DVD-vídeo
500 ## - NOTA GENERAL
Nota general Cronología
505 0# - NOTA DE CONTENIDO CON FORMATO
Nota de contenido con formato Vol. 1. Exposición Casa das Artes, Vigo, 10 de septiembre de 2009-10 de enero de 2010; Real Academia de Bellas Artes de San Fernando, Madrid, 29 de enero-4 de abril de 2010 - v. 2. Álbum y textos históricos - v. 3. Mitad ángel, mitad marisco / un documental de Antón Reixa; [extras]
Título
600 17 - PUNTO DE ACCESO ADICIONAL DE MATERIA--NOMBRE DE PERSONA
Nombre de persona Mallo, Maruja,
Fechas asociadas al nombre 1902-1995-
Subdivisión de forma Exposiciones
9 (RLIN) 147861
600 14 - PUNTO DE ACCESO ADICIONAL DE MATERIA--NOMBRE DE PERSONA
Nombre de persona Mallo, Maruja,
Fechas asociadas al nombre 1902-1995
9 (RLIN) 75816
655 #7 - TERMINO DE INDIZACIÓN--GENERO/FORMA
Datos o término principal de género/forma Catálogos de exposiciones
Fuente del término tgfbne
9 (RLIN) 193628
700 1# - ENTRADA AGREGADA--NOMBRE PERSONAL
Nombre de persona Huici, Fernando,
Fechas asociadas al nombre 1952-
Término indicativo de función/relación Editor literario
9 (RLIN) 64658
700 1# - ENTRADA AGREGADA--NOMBRE PERSONAL
Nombre de persona Pérez de Ayala, Juan,
Fechas asociadas al nombre 1948-2022
Término indicativo de función/relación Editor literario
9 (RLIN) 90761
700 1# - ENTRADA AGREGADA--NOMBRE PERSONAL
Nombre de persona Reixa, Antón,
Fechas asociadas al nombre 1957-
Término indicativo de función/relación Colaborador
9 (RLIN) 147862
710 2# - ENTRADA AGREGADA--NOMBRE DE ENTIDAD CORPORATIVA
Nombre de entidad corporativa o nombre de jurisdicción como elemento de entrada Sociedad Estatal de Conmemoraciones Culturales (España)
Término indicativo de función/relación Editor
9 (RLIN) 134893
710 2# - ENTRADA AGREGADA--NOMBRE DE ENTIDAD CORPORATIVA
Nombre de entidad corporativa o nombre de jurisdicción como elemento de entrada Real Academia de Bellas Artes de San Fernando
Término indicativo de función/relación Sede
9 (RLIN) 6291
740 0# - ENTRADA AGREGADA--TÍTULO RELACIONADO/ANALÍTICO NO CONTROLADO
Título relacionado o analítico no controlado Maruja Mallo : Mitad ángel, mitad marisco : documental.
852 ## - LOCALIZACIÓN
Ubicación ES-MaACL
Sublocalización o colección R.145910
Ubicación en estantería Depósito 1
Signatura antigua Olim: N-4489
Donativo/Legado Donación Sociedad Estatal de Conmemoraciones Culturales
Número de control de estantería A-11485
Designación de la unidad física v. 1
itemnumber 185967
852 ## - LOCALIZACIÓN
Ubicación ES-MaACL
Sublocalización o colección R.145910
Ubicación en estantería Depósito 1
Signatura antigua Olim: N-4490
Donativo/Legado Donación Sociedad Estatal de Conmemoraciones Culturales
Número de control de estantería A-11486
Designación de la unidad física v. 2
itemnumber 200512
852 ## - LOCALIZACIÓN
Ubicación ES-MaACL
Sublocalización o colección R.145910
Ubicación en estantería Depósito 1
Signatura antigua Olim: N-4491
Donativo/Legado Donación Sociedad Estatal de Conmemoraciones Culturales
Número de control de estantería A-11487
Designación de la unidad física v. 3
itemnumber 200513
852 ## - LOCALIZACIÓN
Ubicación ES-MaACL
Ubicación en estantería Depósito
Donativo/Legado Donación Sociedad Estatal de Conmemoraciones Culturales
Número de control de estantería ROT 2/6/16
itemnumber 185969
852 ## - LOCALIZACIÓN
Ubicación ES-MaACL
Ubicación en estantería Depósito
Donativo/Legado Donación Sociedad Estatal de Conmemoraciones Culturales
Número de control de estantería ROT 2/6/17
itemnumber 185968
942 ## - ELEMENTOS DE ENTRADA SECUNDARIOS (KOHA)
Fuente del sistema de clasificación o colocación Clasificación decimal universal
Tipo de ítem Koha Libro impreso
Suprimir en OPAC No
Holdings
Estatus retirado Estado de pérdida Fuente del sistema de clasificación o colocación Especificación de materiales (volumen encuadernado u otra parte) Estado de daño No para préstamo Biblioteca de origen Biblioteca actual Ubicación en estantería Fecha de adquisición Fuente de adquisición Total de préstamos Signatura topográfica completa Código de barras Visto por última vez Tipo de ítem Koha
    Clasificación decimal universal v. 1     Biblioteca del Ateneo de Madrid Biblioteca del Ateneo de Madrid Depósito 1 08/09/2011 Donación   A-11485 1188131 23/02/2023 Libro impreso
    Clasificación decimal universal       Biblioteca del Ateneo de Madrid Biblioteca del Ateneo de Madrid Depósito 08/09/2011 Donación   ROT 2/6/17 1188133 23/02/2023 DVD
    Clasificación decimal universal       Biblioteca del Ateneo de Madrid Biblioteca del Ateneo de Madrid Depósito 08/09/2011 Donación   ROT 2/6/16 1188132 23/02/2023 DVD
    Clasificación decimal universal v. 2     Biblioteca del Ateneo de Madrid Biblioteca del Ateneo de Madrid Depósito 1 14/09/2023 Donación   A-11486 101205807 14/09/2023 Libro impreso
    Clasificación decimal universal v. 3     Biblioteca del Ateneo de Madrid Biblioteca del Ateneo de Madrid Depósito 1 14/09/2023 Donación   A-11487 101205808 14/09/2023 Libro impreso